Comuni del Veneto con la M - Statistics

Statistiche generali
  • Questo quiz è stato fatto 63 volte
  • Il punteggio medio è 18 su 49
Statistiche sulle risposte
Comune % Corretto
Marostica
74%
Mira
65%
Montebelluna
65%
Mirano
61%
Maser
58%
Monselice
58%
Martellago
55%
Meolo
55%
Mogliano Veneto
55%
Montecchio Maggiore
55%
Malo
52%
Marcon
52%
Musile di Piave
52%
Malcesine
48%
Mansuè
48%
Motta di Livenza
48%
Maserada sul Piave
45%
Montagnana
42%
Moriago della Battaglia
42%
Meduna di Livenza
39%
Monastier di Treviso
39%
Mareno di Piave
35%
Mestrino
35%
Montebello Vicentino
32%
Montecchio Precalcino
32%
Monte di Malo
32%
Monfumo
29%
Montegrotto Terme
29%
Montorso Vicentino
29%
Marano Vicentino
26%
Maserà di Padova
26%
Miane
26%
Montegalda
26%
Montegaldella
26%
Merlara
23%
Monticello Conte Otto
23%
Morgano
23%
Mussolente
23%
Melara
19%
Montecchia di Crosara
19%
Marano di Valpolicella
16%
Massanzago
16%
Megliadino San Vitale
16%
Minerbe
16%
Monteforte d'Alpone
16%
Monteviale
16%
Masi
13%
Mozzecane
13%
Mezzane di Sotto
10%
Nessun quiz corrispondente trovato
Distribuzione punteggi
Percentuale di utenti per punteggio
Percentile per numero di risposta
I tuoi punteggi nel tempo
Non hai fatto questo quiz